000 00667nam a22001937a 4500
999 _c164614
_d164614
005 20190523125704.0
010 _aUR-10142
020 _c193.00
_a9789386624284
035 _aU-8697
037 _bDBAD/PUB
082 _a844.954
100 _aد ر خشا ں تا جو ر
245 _aا و ر ا ق ز ر يں
_cد ر خشا ں تا جو ر
246 _bAuraq*eZarrin (Urdu)
_aby Dr. Darakhshan Tajwer
260 _a Delhi
_bEducational Publishing House
_c2017 ء
270 _a3191،Vakil Street,Kucha Pandit,Lal Kuan,
_bDelhi
_e110006
_k23216162
_l00911123211540
300 _a336ص
_c22 Cm.(bk)
942 _2ddc
_cUR
_h844.954
_mد ر خ